000 00668nam0a22002291 4500
001 rc\926589
005 20041129095259.9
035 _a(NLR Aleph) 006100245
090 _a5251204
_c5251204
100 _a20041129d1982 u |0rusy50 ca
101 0 _arus
102 _aRU
105 _ay |||||||||
200 1 _aПолитическое положение
_aК лозунгам
_aУроки революции
210 _aМ.
_cПолитиздат
_d1982
215 _a32 с.
_d20
700 1 _aЛенин
_bВ. И.
_gВладимир Ильич
801 0 _aRU
_bNLR
_gpsbo
801 1 _aRU
_bELAR
_2rusmarc
852 _aNLR
_bЛ
_j1-сб/30-2-8
942 _cBOOK
980 _aNB